Mechanics and relativity : (Record no. 12874)

MARC details
000 -LEADER
fixed length control field 01225nam a22002657i 4500
003 - CONTROL NUMBER IDENTIFIER
control field EG-ScBUE
005 - DATE AND TIME OF LATEST TRANSACTION
control field 20250601082156.0
008 - FIXED-LENGTH DATA ELEMENTS--GENERAL INFORMATION
fixed length control field 091105r19901989ii a f 000 0 eng d
040 ## - CATALOGING SOURCE
Original cataloging agency EG-ScBUE
Language of cataloging eng
Description conventions rda
Transcribing agency EG-ScBUE
Modifying agency EG-ScBUE
082 04 - DEWEY DECIMAL CLASSIFICATION NUMBER
Edition number 22
Classification number 530.11
Item number LAL
100 1# - MAIN ENTRY--PERSONAL NAME
Personal name Lal, Brij,
Relator term author.
245 10 - TITLE STATEMENT
Title Mechanics and relativity :
Remainder of title for B. Sc. (pass honcurs and subsidiary), engineering students of Indian Universities and IAS examinations /
Statement of responsibility, etc Brij Lal, M.Sc., Department of Physics, Hindu College, University of Delhi, Delhi and N. Subrahmanyam, M.Sc., Ph.D., Department of Physycs, Kirori Mal College, University of Delhi, Delhi.
250 ## - EDITION STATEMENT
Edition statement Reprinted with corrections.
264 #1 - PUBLICATION, DISTRIBUTION, ETC. (IMPRINT)
Place of publication, distribution, etc Ram Nagar, New Delhi :
Name of publisher, distributor, etc S. Chand & Company, Ltd.,
Date of publication, distribution, etc 1990.
300 ## - PHYSICAL DESCRIPTION
Extent 1 volume (various pagings) :
Other physical details illustrations ;
Dimensions 20 cm
336 ## - CONTENT TYPE
Source rdacontent
Content type term text
Content type code txt
337 ## - MEDIA TYPE
Media type term unmediated
Source rdamedia
Media type code n
338 ## - CARRIER TYPE
Carrier type term volume
Carrier type code nc
Source rdacarrier
521 ## - TARGET AUDIENCE NOTE
Target audience note For B. Sc. (pass honcurs and subsidiary), engineering students of Indian universities and IAS examinations.
650 #7 - SUBJECT ADDED ENTRY--TOPICAL TERM
Source of heading or term BUEsh
Topical term or geographic name as entry element Mechanics.
650 #7 - SUBJECT ADDED ENTRY--TOPICAL TERM
Source of heading or term BUEsh
Topical term or geographic name as entry element Relativity (Physics)
655 ## - INDEX TERM--GENRE/FORM
Form subdivision Reading book
700 1# - ADDED ENTRY--PERSONAL NAME
Personal name Subrahmanyam, N.,
Relator term author.
942 ## - ADDED ENTRY ELEMENTS (KOHA)
Source of classification or shelving scheme Dewey Decimal Classification
Koha item type Book - Borrowing
Holdings
Withdrawn status Lost status Source of classification or shelving scheme Damaged status Not for loan Collection code Home library Current library Shelving location Date acquired Total Checkouts Total Renewals Full call number Barcode Date last seen Date checked out Price effective from Koha item type
    Dewey Decimal Classification     Baccah Central Library Central Library First floor 05/11/2009 1 1 530.11 LAL 000018704 15/07/2025 31/03/2011 05/11/2009 Book - Borrowing